banner

Diabetes, obesidad y síndrome metabólico: (Registro nro. 615)

000 -LEADER
fixed length control field 03058nam a2200241 a 4500
003 - CONTROL NUMBER IDENTIFIER
control field AR-BaISA
005 - DATE AND TIME OF LATEST TRANSACTION
control field 20190625162846.0
007 - PHYSICAL DESCRIPTION FIXED FIELD--GENERAL INFORMATION
fixed length control field ta
008 - FIXED-LENGTH DATA ELEMENTS--GENERAL INFORMATION
fixed length control field 190625s2015 mx ad||| |||| 001 0 spa d
020 ## - INTERNATIONAL STANDARD BOOK NUMBER
International Standard Book Number 9786074484816
040 ## - CATALOGING SOURCE
Transcribing agency AR-BaISA
082 04 - DEWEY DECIMAL CLASSIFICATION NUMBER
Edition number 22
Classification number 616.462 B192
100 10 - MAIN ENTRY--PERSONAL NAME
9 (RLIN) 1492
Personal name Balderas Rentería, Isaías
Relator term aut.
245 10 - TITLE STATEMENT
Title Diabetes, obesidad y síndrome metabólico:
Remainder of title un abordaje multidisciplinario /
Statement of responsibility, etc. Isaías Balderas Rentería
260 ## - PUBLICATION, DISTRIBUTION, ETC.
Place of publication, distribution, etc. México D.F.:
Name of publisher, distributor, etc. El Manual Moderno,
Date of publication, distribution, etc. 2015
300 ## - PHYSICAL DESCRIPTION
Extent XI, 347 p.:
Other physical details il., graf.
504 ## - BIBLIOGRAPHY, ETC. NOTE
Bibliography, etc. note Bibliografía al final de cada capítulo
505 ## - FORMATTED CONTENTS NOTE
Title Omar González Santiago / Epidemiología en las enfermedades crónicas no transmisibles en México --
-- Dalila Balderas Rentería y Isaías Balderas Rentería / Atención holística del paciente diabético --
-- Dalila Balderas Rentería y Isaías Balderas Rentería / Control integral del sobrepeso y la obesidad --
-- Benito David Mata Cárdenas, María del Rayo Camacho Corona / Sinopsis de la diabetes --
-- Patricia González Barranco, Manuel Alejandro Valdéz Navarro y Sandra Leticia Gracia Vásquez / Complicaciones de la diabetes, cuadros clínicos, diagnóstico y tratamientos --
-- Sandra Castillo Guzmán y Patricia González Barranco / Neuropatía diabética --
-- Abraham García / Bases moleculares y farmacológicas de los tratamientos de la diabetes mellitus tipo 2 --
-- Sandra Leticia Gracia Vásquez, Luis Gerardo Alcalá Galvány Patricia González Barranco / Fármacos para el tratamiento de la diabetes --
-- María del Rayo Camacho Corona, Juan Manuel De Jesús Favela Hernández y Benito David Mata Cárdenas / Fármacos antidiabéticos de origen natural --
-- Abraham García / Diseño y desarrollo de nuevos fármacos antidiabéticos --
-- Isaías Balderas Rentería y Elvira Garza González / Medicina genómica y tratamiento génico-celular para la diabetes --
-- Benito David Mata Cárdenas y Myrna Laura Yeverino Gutiérrez / Panorama general de la obesidad y el síndrome metabólico --
-- María del Rosario González González y Isaías Balderas Rentería / El adipocito como célula endocrina --
-- Sandra Leticia Gracia Vásquez, Ivonne Antonieta Camacho Mora y Omar González Santiago / Fármacos para el tratamiento del síndrome metabólico --
-- Omar González Santiago y Sandra Leticia Gracia Vásquez / Obesidad infantil --
-- Bertha Guadalupe Navarro Wallmark / Alternativas terapéuticas quirúrgicas para la obesidad --
-- Juan Manuel De Jesús Favela Hernández y María del Rayo Camacho Corona / Alternativas de origen natural para el tratamiento de la obesidad --
-- Gildardo Rivera Sánchez, Antonio Moreno, Ninfa María Rosas García y Virgilio Bocanegra García / Fármacos para el tratamiento de la obesidad: pasado, presente y futuro --
-- Isaías Balderas Rentería / Predisposición genética a la obesidad y nuevos tratamientos génicos
650 14 - SUBJECT ADDED ENTRY--TOPICAL TERM
9 (RLIN) 977
Topical term or geographic name entry element Diabetes
General subdivision tratamiento
650 14 - SUBJECT ADDED ENTRY--TOPICAL TERM
9 (RLIN) 1332
Topical term or geographic name entry element Tratamiento de la obesidad
650 14 - SUBJECT ADDED ENTRY--TOPICAL TERM
9 (RLIN) 1493
Topical term or geographic name entry element Síndrome metabólico
General subdivision tratamiento
942 ## - ADDED ENTRY ELEMENTS (KOHA)
Source of classification or shelving scheme
Koha item type Libros
Existencias
Withdrawn status Lost status Source of classification or shelving scheme Damaged status Not for loan Permanent Location Current Location Date acquired Inventory number Full call number Barcode Date last seen Price effective from Koha item type
          Biblioteca ISALUD. Dr. Néstor Rodríguez Campoamor Biblioteca ISALUD. Dr. Néstor Rodríguez Campoamor 2019-06-25 4011 616.462 B192 4011 2019-06-25 2019-06-25 Libros
          Biblioteca ISALUD. Dr. Néstor Rodríguez Campoamor Biblioteca ISALUD. Dr. Néstor Rodríguez Campoamor 2019-06-25 4012 616.462 B192 4012 2019-06-25 2019-06-25 Libros
          Biblioteca ISALUD. Dr. Néstor Rodríguez Campoamor Biblioteca ISALUD. Dr. Néstor Rodríguez Campoamor 2019-06-25 4013 616.462 B192 4013 2019-06-25 2019-06-25 Libros